000 00557nam a2200229 a 4500
001 nice12345678
003 IN_TiNIC
005 20260116011625.0
008 070618s0000 egya grp 000 0 ara
020 _a
_c100
082 0 0 _a492.73
_bJIR
100 _aAl-Jirjani, Ali Bin
245 _aKitabut Tarifat and Other
260 _aEgypt
_bNo Publishers
_c0000
300 _a00p
500 _aincludes index and biblioraphy
650 _aDictionary-Sufi Terms
700 1 _aAl-Jirjani, Ali Bin
902 _bSRS
942 _cBK
999 _c2958
_d2958